| 000 | 01269nam a22002777a 4500 | ||
|---|---|---|---|
| 001 | TZ 0012 | ||
| 003 | gtcocun | ||
| 005 | 20250926175446.0 | ||
| 006 | a||||grgt 00| 0 | ||
| 007 | ta | ||
| 008 | 250926b1997 gt ||||| m||| 00| 0 eng d | ||
| 040 |
_agtcocun _bSPA _cgtcocun _eRDA |
||
| 041 | _aSPA TZ 0012 | ||
| 084 | _0TZ 0012 | ||
| 100 |
_aTello Yat, Waldemar _eAutor |
||
| 245 |
_aEFECTO DE LA FERTILIZACIÓN ORGANICA SOBRE LA PRODUCCIÓN DE BIOMASA AEREA EN TAXISCOBO (Perymenium grande var. grande P.) BAJO LAS CONDICIONES DE LA FINCA SAN RAFAEL UBICADA EN SANTA CRUZ VERAPAZ, ALTA VERAPAZ./ _cWaldemar Tello Yat. _hImpreso |
||
| 264 |
_aCobán, Alta Verapaz: _bUniversidad de San Carlos de Guatemala, Centro Universitario del Norte, Zootecnia _c1997 |
||
| 300 |
_a51 p.: _bIlustraciones, gráficas. _c28 cm; |
||
| 502 | _eTZ 0012 | ||
| 502 |
_aTesis de grado _bZootecnia, _cUniversidad de San Carlos de Guatemala, Centro Universitario del Norte, Zootecnia _d1997 _oTZ 0012 |
||
| 650 | 1 | 4 |
_2LEMB _aSanta Cruz Verapaz, Alta Verapaz _xZootecnia _xOrgánicos _xBiomasa _xPlantación _xTaxiscobo |
| 700 | _eAsesor | ||
| 856 |
_uSin archivo en línea. _zSin archivo en línea. |
||
| 942 |
_2ddc _cTES _iTZ 0012 _kClasificación _n0 _6TZ_0012_000000000000000 |
||
| 999 |
_c2157 _d2157 |
||